000 00329nam a2200133Ia 4500
008 191201s2003 xx 000 0 und d
100 _aMuthusawmy, R
245 0 _aTechnology of Fabric Manufacture 1
250 _a1st
260 _aN.Delhi
_bS S M Institute
_c2003
300 _a347
650 _aB.Tech(TE)
942 _2ddc
_cBK
_025
999 _c2237
_d2237